000 00324nam a22001337a 4500
008 250311b |||||||| |||| 00| 0 eng d
020 _a9783527314652
050 _aQD549
_b.T33
100 _aTadros Tharwat F.
245 _aCollids in Agrocheicals
260 _aWeinheim
_bWiley-VCH
_c2009
300 _aXVI,284P
942 _cBK
999 _c2221
_d2221